• 首页
  • 本馆介绍
  • 公告通知
  • 最新文献
  • 馆藏检索
  • 电子资源
  • 读者导购
  • 参考咨询
  • 我的图书馆
  • 登录
  • 详细信息显示
  • 放入我的书架
  • 预约/预借图书
  • 作者相关作品
  • 分类相关作品
  • 丛书相关作品
  • 出版社相关作品

书目信息

  • 表格格式
  • 工作单格式
  • 卡片格式
题名:
微量元素与人体健康
    
 
作者: 迟锡增 主编
分册:  
出版信息: 北京   化学工业出版社  1997.03
页数: 283页
开本: 19cm
丛书名: 化学·生活·健康丛书
单 册:
中图分类: R151.3
科图分类:
主题词: 食品营养 , 食品--化学
电子资源:
ISBN: 7-5025-1844-4
000 00703nam2 2200241 45
001 0112070937
005 20041125155043.2
010    @a7-5025-1844-4@dCNY15.00
100    @a20011207d1997 km y0chiy0120 ea
101 0  @achi
105    @a z 000yy
200 1  @a微量元素与人体健康@AWei Liang Yuan Su Yu Ren Ti Jian Kang@f迟锡增主编@FChi Xi Zeng Zhu Bian
210    @a北京@c化学工业出版社@d1997.03
215    @a283页@d19cm
225 2  @a化学·生活·健康丛书
300    @a书末附录:常见食物中微量元素的含量
410  0 @12001 @a化学·生活·健康丛书
606 0  @a食品营养
606 0  @a食品@x化学
690    @aR151.3@v4
701  0 @a迟锡增@4主编
801    @aCN@bTSTC@c20011207
905    @dR151.3@e24
    
    微量元素与人体健康/迟锡增主编.-北京:化学工业出版社,1997.03
    283页;19cm.-(化学·生活·健康丛书)
    书末附录:常见食物中微量元素的含量
    
    ISBN 7-5025-1844-4:CNY15.00
    
●
相关链接 在E读中查询图书 在五车中查询图书 在当当中查询图书 在豆瓣中查询图书


正题名:微量元素与人体健康     索取号:R151.3/24         预约/预借

序号 登录号 条形码 馆藏地/架位号 状态 备注
1 0301227   203012275   教育系资料室/ [索取号:R151.3/24] 在馆    
2 0301228   203012284   第三借阅区/ [索取号:R151.3/24] 在馆    
3 0301229   203012293   第三借阅区/ [索取号:R151.3/24] 在馆    
4 0301230   203012300   教育系资料室/ [索取号:R151.3/24] 在馆    
5 0301231   203012319   教育系资料室/ [索取号:R151.3/24] 在馆    
6 0301232   203012328   第三借阅区/ [索取号:R151.3/24] 在馆    
7 0301233   203012337   第二样本阅览室/ [索取号:R151.3/24] 在馆    
唐山师范学院图书馆 欢迎您!
大连网信软件有限公司© 版权所有